Una universidad para los niños : ocho científicos explican a los niños los grandes enigmas del mundo /

¿Por qué se erigieron los castillos? ¿Por qué hay truenos y relámpagos? ¿Por qué son peleones los niños y caprichosas las niñas (si es que lo son)? ¿Por qué ven los murciélagos con el oído? ¿Por qué los matemáticos no saben sumar? ¿Por qué contamos historias? ¿Por qué pueden curar los médicos? ¿Por...

Full description

Bibliographic Details
Main Author: Janssen, Ulrich 1959-
Other Authors: Steuernagel, Ulla 1954-
Format: Libro
Language:Spanish
Published: Barcelona Ares y Mares 2005
Subjects:
Online Access:

MARC

LEADER 00000cam a2200000 a 4500
001 015849
003 UAHC_CL
005 20170803121314.0
008 121109s2005 sp 000 spa
020 |a 8484326780 
040 |a UAHC_CL  |c UAHC_CL  |d UAHC_CL 
082 0 4 |a 372.3  |b J35  |2 20 
100 1 |a Janssen, Ulrich  |d 1959- 
245 1 4 |a Una universidad para los niños :  |b ocho científicos explican a los niños los grandes enigmas del mundo /  |c Ulrich Janssen, Ulla Steuernagel. 
260 |b Ares y Mares  |a Barcelona  |c 2005 
300 |a 229 p. 
520 |a ¿Por qué se erigieron los castillos? ¿Por qué hay truenos y relámpagos? ¿Por qué son peleones los niños y caprichosas las niñas (si es que lo son)? ¿Por qué ven los murciélagos con el oído? ¿Por qué los matemáticos no saben sumar? ¿Por qué contamos historias? ¿Por qué pueden curar los médicos? ¿Por qué los deportistas no paran de batir récords? Este tercer curso de la Universidad para los niños nos ofrece respuestas claras e inteligentes a estas ocho preguntas que a todos nos intrigan por igual. Como en los dos cursos anteriores, este libro tiene casi mayor interés para los mayores que para los más jóvenes, ¡aunque nos cueste reconocerlo! 
650 4 |a CIENCIA  |x ENSEÑANZA BASICA 
700 1 |a Steuernagel, Ulla  |d 1954- 
900 |a 372.3 JAN 
942 |c BK 
952 |0 0  |1 0  |4 0  |6 372_300000000000000_JAN  |7 0  |8 General  |9 31614  |a BC  |b BC  |c General  |d 2017-08-03  |o 372.3 JAN  |p 1405898  |r 2026-01-13 00:00:00  |t 1  |w 2017-08-03  |y BK 
952 |0 0  |1 0  |4 0  |6 372_300000000000000_JAN  |7 0  |8 General  |9 31615  |a BC  |b BC  |c General  |d 2017-08-03  |o 372.3 JAN  |p 1405899  |r 2026-01-13 00:00:00  |t 2  |w 2017-08-03  |y BK 
999 |c 15849  |d 15849